The urban process cities in industrial societies

Guardat en:
Dades bibliogràfiques
Autor principal: Reissman, L (Autor)
Format: Llibre
Idioma:espanyol
Publicat: Nueva York Free Press 1964
Matèries:
Etiquetes: Afegir etiqueta
Sense etiquetes, Sigues el primer a etiquetar aquest registre!

MARC

LEADER 00000nam a2200000 a 4500
001 UCR6484
003 CL-VaPUC
008 980423e19640000US |||||||||||||||||spa|d
082 0 4 |a 307.76  |b REI  |2 21 
100 0 |a Reissman, L  |e author  |9 407552 
245 1 4 |a The urban process cities in industrial societies 
300 |a 255 p 
942 |c BK 
945 |d 19980423 00:00:00  |a lriquelm 
260 |a Nueva York  |b Free Press  |c 1964 
650 0 |a Sociología   |9 255410 
650 0 |a Zonas urbanas  |9 337776 
650 0 |a Ciudades  |9 265474 
650 0 |a Población  |9 257577 
650 0 |a Industrias   |9 263688 
650 0 |a Industrialización  |9 263687 
650 7 |a DESARROLLO URBANO  |2 CL-VaPUC  |9 407553 
650 0 |a Desarrollo industrial  |9 322675 
583 |a last modification  |c 19980423 00:00:00  |k Rodrigo Vera 
999 |c 268568  |d 268566